Parole le renouveau disney - Statistiques

Statistiques générales
  • Ce quiz a été pris 381 fois
    360 depuis la dernière actualisation
  • Le résultat moyen est 266 sur 335
Statistiques - réponses
Hint Parole % Correct
112 | 193 | 206 | 302 d'
97%
43 | 121 | 305 l'
97%
151 | 163 à
96%
71 | 81 | 95 | +13 others ce
96%
126 Ce
96%
23 | 109 J'
96%
60 | 294 j'
96%
161 | 290 m'
96%
68 | 104 | 119 | +7 others je
95%
78 | 99 | 185 | +4 others Je
95%
31 | 211 | 232 | +2 others n'
95%
4 | 20 | 26 | +4 others dans
93%
35 | 76 | 123 | +4 others de
93%
5 | 37 | 159 | +3 others le
93%
2 | 17 | 21 | +2 others les
93%
47 Les
93%
74 | 124 | 227 | 300 ma
93%
318 ou
93%
72 | 103 | 189 | +2 others renouveau,
92%
82 | 224 | 325 renouveau
92%
281 renouveau.
92%
15 | 52 | 117 | +3 others et
91%
67 | 320 Et
91%
11 | 30 | 272 il
91%
147 Il
91%
130 | 170 | 191 la
91%
263 La
91%
174 | 202 | 334 me
91%
110 | 295 ai
90%
70 | 80 | 101 | +6 others fêter
90%
96 | 259 | 271 qu'
90%
148 va
90%
83 | 233 | 286 en
89%
34 | 213 | 235 | 249 pas
88%
288 pas.
88%
69 | 79 | 100 | +6 others vais
88%
65 ça
87%
27 ces
87%
13 | 55 | 118 | 266 si
87%
36 bal
86%
154 bel
86%
86 au
85%
75 robe
85%
247 | 261 seul
85%
183 | 246 un
85%
38 soir.
84%
127 | 308 soir
84%
12 sent
83%
134 | 139 | 194 | 260 une
83%
14 | 314 bon
82%
136 des
82%
45 du
82%
22 grands.
82%
18 petits
82%
19 plats
82%
156 | 201 | 333 qui
82%
289 Qui
82%
77 satin.
82%
32 y
82%
10 | 44 air
81%
212 | 258 | 265 est
81%
105 ne
80%
40 | 167 nous
80%
1 Ouvrez
80%
107 | 131 | 137 plus
80%
6 salon.
80%
25 seule
80%
108 seule.
80%
9 cet
79%
87 matin.
79%
64 | 209 | 311 que
79%
150 | 182 | 251 tout
79%
158 tout,
79%
33 avait
78%
50 | 93 bien
78%
160 chocolat
78%
29 couloirs,
78%
85 jusqu'
78%
58 mais
78%
219 | 255 Mais
78%
16 mettez
78%
106 | 129 serai
78%
46 temps.
78%
125 vie ?
78%
180 vie
78%
132 belle,
77%
66 change.
76%
164 | 331 faire
76%
28 longs
76%
3 volets
76%
84 dansant
75%
48 invités
75%
116 invités,
75%
162 aidera
74%
24 étais
74%
234 | 287 parle
74%
49 seront
74%
8 entrer
73%
7 Laissez
73%
62 | 204 tellement
73%
135 tenue
73%
56 cela
72%
57 dérange
72%
165 face.
72%
122 homme
72%
155 inconnu
72%
59 moi
72%
51 vivants,
72%
41 entrons
71%
63 | 111 hate
71%
53 tant
71%
39 Enfin
70%
54 pis
70%
230 | 283 tes
70%
61 avais
69%
276 portes.
69%
229 | 282 Cache
68%
177 car
68%
146 grace.
68%
91 | 97 ils
68%
144 pleine
68%
157 saura
68%
254 saura.
68%
169 toute
68%
181 | 312 | 316 c'est
67%
152 coup,
67%
231 | 284 pouvoirs
67%
239 secret
66%
176 bizarre
65%
206 espoir,
65%
141 fille
65%
142 raffinée
65%
175 sentirai
65%
171 soirée
65%
240 survivra,
65%
236 fais
64%
140 jeune
64%
149 apparaitre
63%
237 attention
63%
262 journée.
63%
184 art.
62%
94 dire
62%
203 donne
62%
195 histoire.
62%
120 rencontrais
62%
296 rêvé.
62%
98 veulent.
62%
269 aux
61%
192 magie
61%
168 parlerons
61%
208 sais
61%
138 formelles,
60%
274 ouvrir
60%
92 peuvent
60%
166 Puis
60%
178 changer
59%
268 Dites
59%
273 faut
59%
270 gardes
59%
114 tous
59%
248 faux
58%
267 forte.
58%
214 raisonnable
58%
264 pression
57%
218 romance.
57%
228 chance.
56%
216 rêver
56%
226 tenterai
55%
253 monde
54%
244 tu
54%
113 accueillir
52%
90 surexcitée,
50%
335 plait.
48%
242 sans
47%
88 Enflammée,
45%
298 veux
43%
243 peine
41%
306 amour
39%
319 jamais.
38%
245 régneras
37%
315 moment,
36%
317 maintenant
35%
310 sens
33%
301 tour
33%
293 dont
32%
304 trouver
32%
241 sereine
31%
299 quitter
29%
303 ivoire
27%
291 apporte
20%
89 excaltée,
9%
Aucun quiz correspondant
Distribution des résultats
% des personnes avec chaque résultat
Percentile par nombre de réponses
Votre historique - résultats
Vous n’avez pas pris ce quiz depuis la dernière actualisation